000
00218nam a2200097Ia 4500
008
120527s9999 xx 000 0 und d
100
_a
POWELL,Ann.
245
_a
The origin of western art.
260
_b
HBJ
942
_c
BK
999
_c
24096
_d
24096